Sarmiento y sus fantasmas (Registro nro. 4412)
[ vista simple ]
| 000 -LEADER | |
|---|---|
| fixed length control field | 01675 a2200253 4500 |
| 001 - CONTROL NUMBER | |
| control field | 47531 |
| 005 - DATE AND TIME OF LATEST TRANSACTION | |
| control field | 20260407155742.0 |
| 008 - FIXED-LENGTH DATA ELEMENTS--GENERAL INFORMATION | |
| fixed length control field | 260407a1998 arg spa d |
| 003 - CONTROL NUMBER IDENTIFIER | |
| control field | AR-UNSa-BCEJYS |
| 040 ## - CATALOGING SOURCE | |
| Original cataloging agency | AR-UNSa-BCEJYS |
| Language of cataloging | spa |
| Transcribing agency | AR-UNSa-BCEJYS |
| 080 ## - UNIVERSAL DECIMAL CLASSIFICATION NUMBER | |
| Universal Decimal Classification number | 82-3 |
| Common auxiliary subdivision | Ficción. Prosa Narrativa. (Novelas...Novelas históricas)<br/> |
| 020 ## - INTERNATIONAL STANDARD BOOK NUMBER | |
| International Standard Book Number | 950-49-0027-8 |
| 041 ## - LANGUAGE CODE | |
| Language code of text/sound track or separate title | spa |
| 100 1# - MAIN ENTRY--PERSONAL NAME | |
| Personal name | Luna, Félix |
| 245 10 - TITLE STATEMENT | |
| Title | Sarmiento y sus fantasmas |
| 264 #1 - PRODUCTION, PUBLICATION, DISTRIBUTION, MANUFACTURE, AND COPYRIGHT NOTICE | |
| Place of production, publication, distribution, manufacture | Buenos Aires : |
| Name of producer, publisher, distributor, manufacturer | Planeta |
| Date of production, publication, distribution, manufacture, or copyright notice | 1998 |
| 300 ## - PHYSICAL DESCRIPTION | |
| Extent | 302 p. |
| Dimensions | 21 cm. |
| 520 ## - SUMMARY, ETC. | |
| Summary, etc. | Félix Luna propone en estas páginas una original visión de Domingo Faustino Sarmiento en la que se mezclan la ficción con la verdad histórica. En un fascinante juego de la imaginación, Luna enfrenta a su protagonista con diversos personajes clave en su vida y en su obra, y delinea, a partir de esos diálogos, un retrato que va completándose a medida que avanza el texto.<br/>La lucha, los ideales, las debilidades y las grandezas, los amores y enconos del gran sanjuanino surgen en la prosa Luna con el tono sincero y a veces brutal que caracterizaba al propio Sarmiento. Félix Luna despliega en esta obra todo su oficio de historiador y sus habilidades literarias para hacer de estos "fantasmas" voces nítidas y reales, y recrea para el lector un Sarmiento tierno y evocativo a veces, tonante y furioso otras, siempre genial, siempre empeñado en combatir la barbarie. |
| 590 ## - LOCAL NOTE (RLIN) | |
| Local note | niveau_biblio:m niveau_hierar:0 |
| 650 ## - SUBJECT ADDED ENTRY--TOPICAL TERM | |
| Topical term or geographic name entry element | Domingo Faustino Sarmiento |
| 650 ## - SUBJECT ADDED ENTRY--TOPICAL TERM | |
| Topical term or geographic name entry element | domingo faustino sarmiento |
| 856 41 - ELECTRONIC LOCATION AND ACCESS | |
| Uniform Resource Identifier | <a href="https://www.biblioeco.unsa.edu.ar/pmb/images/libros/L127600.jpg">https://www.biblioeco.unsa.edu.ar/pmb/images/libros/L127600.jpg</a> |
| Link text | Imagen de portada |
| Electronic format type | image/jpeg |
| 942 ## - ADDED ENTRY ELEMENTS (KOHA) | |
| Koha item type | |
| Withdrawn status | Lost status | Damaged status | Not for loan | Home library | Current library | Shelving location | Date acquired | Total checkouts | Full call number | Barcode | Date last seen | Price effective from | Koha item type |
|---|---|---|---|---|---|---|---|---|---|---|---|---|---|
| Biblioteca Prof. Eusebio Cleto del Rey | Biblioteca Prof. Eusebio Cleto del Rey | 07/04/2026 | 82-3 L961 | L127600 | 07/04/2026 | 07/04/2026 | Libro |